Statistics for Rob Schneider Filmography

Click here to take the quiz!

General Stats

  • This quiz has been taken 44 times
    (6 since last reset)
  • The average score is 33 of 121

Answer Stats

TypeYearName% Correct
Film200450 First Dates
75%
Web Series2023Chip Chilla
75%
Film2010Grown Ups
75%
Film1992Home Alone 2: Lost in New York
75%
Film2020Hubie Halloween
75%
Film2023Leo
75%
Film2001The Animal
75%
Film2002The Hot Chick
75%
Film2020The Wrong Missy
75%
Film2022Amor es Amor
50%
Film2007Big Stan
50%
Film2006Click
50%
Film2022Daddy Daughter Trip
50%
FilmTBADead Wrong
50%
Film1999Deuce Bigalow: Male Gigolo
50%
Film2006Grandma's Boy
50%
Film2022Home Team
50%
Film2014Jungle Shuffle
50%
Film2000Little Nicky
50%
Film2016Norm of the North
50%
Film2015OMG, I'm a Robot!
50%
Film2021Pups Alone
50%
TV Show2015-2017Real Rob
50%
Film2017Sandy Wexler
50%
Film2006The Benchwarmers
50%
Film2012The Outback
50%
Film2015The Ridiculous 6
50%
Film1998The Waterboy
50%
TV Show1989227
25%
Video Game1997A Fork in the Tale
25%
TV Show1998Ally McBeal
25%
Film2008American Crude
25%
Film2009American Virgin
25%
Film2004Around the World in 80 Days
25%
TV Short2005Back to Norm
25%
Film2008Bedtime Stories
25%
Film1999Big Daddy
25%
Short Film1993Buddy
25%
TV Show1990, 1991Coach
25%
Film1993Demolition Man
25%
Film2005Deuce Bigalow: European Gigolo
25%
Film2015Dino Time
25%
Film1996Down Periscope
25%
Film2002Eight Crazy Nights
25%
TV Film2010Elf Sparkle and the Special Red Dress
25%
Film2013Frog Kingdom
25%
Commercial1998Frosted Cheerios
25%
Commercial2016Hefty Ultra Strong
25%
TV Show2016Hitting the Breaks
25%
TV Show2014Hot in Cleveland
25%
Film2013inAPPropriate Comedy
25%
Film2007I Now Pronounce You Chuck & Larry
25%
TV Show2013Inside Amy Schumer
25%
Film1995Judge Dredd
25%
Short Film2007Juliana and the Medicine Fish
25%
Music Video2018Just My Type
25%
Film1998Knock Off
25%
Film2007Legend of the Sea
25%
Film2006Little Man
25%
Video Game2018Madden NFL 19
25%
Film1990Martians Go Home
25%
TV Show1996-1997, 2001Men Behaving Badly
25%
Film2002Mr. Deeds
25%
Film1999Muppets from Space
25%
Film1991Necessary Roughness
25%
Film2012Noah's Ark: The New Beginning
25%
FilmTBAPledge Trip
25%
Film2015Pups United
25%
TV Show2004, 2005Reel Comedy
25%
TV Show2012Rob
25%
Stand-Up Special2023Rob Schneider: Woke Up in America
25%
TV Show1990-1994, 2002, 2020Saturday Night Live
25%
TV Show1996Seinfeld
25%
Film2006Shark Bait
25%
Film2014Shelby
25%
Commercial1998Sprint
25%
Music Video2002Starlight
25%
Music Video1996Steve Polychronopolous
25%
Film1993Surf Ninjas
25%
Film1998Susan's Plan
25%
Film2016The Adventures of Panda Warrior
25%
Video Game1996The Adventures of Pinocchio
25%
TV Show2005The Andy Milonakis Show
25%
Film1993The Beverly Hillbillies
25%
Film2010The Chosen One
25%
TV Film2003The Electric Piper
25%
Film2013The Little Penguin Pororo's Racing Adventure
25%
Film2005The Longest Yard
25%
TV Show2021The Masked Singer
25%
Film2012The Reef 2: High Tide
25%
Film2011Top Cat: The Movie
25%
Film2009Wild Cherry
25%
Film2012Wings
25%
Film2014Wings: Sky Force Heroes
25%
Film2008You Don't Mess with the Zohan
25%
Film2011You May Not Kiss the Bride
25%
TV Show1988, 1989An Evening at the Improv
0%
TV Show2007Balls of Steel
0%
Commercial2022Bob's Discount Furniture
0%
TV Show2005Dancing with the Stars
0%
Music Video1996In the Navy
0%
TV Show1997Jeopardy!
0%
TV Show2003Kid Notorious
0%
TV Show2015, 2018, 2019Laugh Factory
0%
TV Show2018Lip Sync Battle
0%
Commercial2022Raising Cane's
0%
Stand-Up Special2020Rob Schneider: Asian Momma, Mexican Kids
0%
Stand-Up Special2001Rob Schneider: Registered Offender
0%
Stand-Up Special2013Roy Schneider: Soy Sauce and the Holocaust
0%
Short Film1997Sammy the Screenplay
0%
TV Show1998Sin City Spectacular
0%
TV Special1997Sports Illustrated: Swimsuit '97
0%
TV Show2014Stand Up and Deliver
0%
Commercial2014State Farm
0%
Film1996The Adventures of Pinocchio
0%
Theater2013The Comedy of Errors
0%
TV Short2001The Mummy Parody
0%
TV Show2012, 2016The Playboy Morning Show
0%
Award Show2005The Teen Choice Awards 2005
0%
TV Show2001Weakest Link
0%
TV Show2005WWE Raw
0%

Score Distribution

Percentile by Number Answered

Percent of People with Each Score

Your Score History

You have not taken this quiz since the last reset